| 000 | 01450cam a2200373 a 4500 | ||
|---|---|---|---|
| 001 | 1651503 | ||
| 003 | SISC | ||
| 005 | 20160406090728.0 | ||
| 008 | 970102s1997 nyua 001 0 eng | ||
| 010 | _a 97004464 | ||
| 020 | _a0471180416 (alk. paper) | ||
| 040 |
_aDLC _cDLC _dDLC |
||
| 043 | _an-us--- | ||
| 050 | 0 | 0 |
_aHD 9696.C62 _b.W187 1997 |
| 082 | 0 | 0 |
_aHS 338.7 _bW15 1997 |
| 100 | 1 |
_aWallace, James _d1947- _910127 |
|
| 245 | 1 | 0 |
_aOverdrive : _bBill Gates and the race to control cyberspace / _cJames Wallace. |
| 260 |
_aNew York : _bJ. Wiley, _cc1997. |
||
| 300 |
_a307 p. : _bill. ; _c25 cm. |
||
| 500 | _aIncludes index. | ||
| 600 | 1 | 0 |
_aGates, Bill, _d1955- _910128 |
| 610 | 2 | 0 |
_aMicrosoft Corporation _xHistory. _910129 |
| 650 | 0 |
_aBusinessmen _zUnited States _xBiography. _910130 |
|
| 650 | 0 |
_aComputer software industry _zUnited States _xHistory. _910131 |
|
| 856 | 4 |
_3Table of Contents _uhttp://www.loc.gov/catdir/toc/onix04/97004464.html |
|
| 856 | 4 | 2 |
_3Contributor biographical information _uhttp://www.loc.gov/catdir/enhancements/fy0706/97004464-b.html |
| 856 | 4 | 2 |
_3Publisher description _uhttp://www.loc.gov/catdir/enhancements/fy0706/97004464-d.html |
| 906 |
_a7 _bcbc _corignew _d1 _eocip _f19 _gy-gencatlg |
||
| 942 |
_2lcc _cBK |
||
| 999 |
_c8538 _d8538 |
||